Vista normal Vista MARC

Entrada Topical Term

Número de registros utilizados en: 1

001 - CONTROL NUMBER

  • control field: 36125

003 - CONTROL NUMBER IDENTIFIER

  • control field: OSt

005 - DATE AND TIME OF LATEST TRANSACTION

  • control field: 20210316092734.0

008 - FIXED-LENGTH DATA ELEMENTS

  • fixed length control field: 210316|| aca||aabn | a|a d

040 ## - CATALOGING SOURCE

  • Original cataloging agency: OSt
  • Transcribing agency: OSt

150 ## - HEADING--TOPICAL TERM

  • Topical term or geographic name entry element: Fauna tropical
  • General subdivision: Fotografías
  • Geographic subdivision: Serranía de la Macarena (Colombia)

670 ## - SOURCE DATA FOUND

  • Source citation: Work cat.: (OSt): Mejía, Carlos Arturo, autor 36124, Fauna de la serranía de la Macarena / , 1995